| 000 | 00733nam a22001937a 4500 | ||
|---|---|---|---|
| 999 |
_c158008 _d158008 |
||
| 005 | 20181013103911.0 | ||
| 010 | _aENG-124269 | ||
| 020 |
_c400.00 set of three books _a9788182652552 |
||
| 035 | _a EN-107801 | ||
| 037 | _bDBAD/PUB. | ||
| 082 | _a488.24 | ||
| 100 | _aJayaraj, P.K | ||
| 245 |
_aSay what you mean: _cby P.K. Jayaraj _bDevelop your communication skills / |
||
| 260 |
_aKeralam _bMathrubhumi Printing & Publishing Co. ltd. _c2012 |
||
| 270 |
_aNo.46, M J Krishnamohan Memorial Building, K P Kesava Menon Road, Calicut HO, Kozhikode _bKeralam _e673001 |
||
| 300 |
_a238p. _c20cm(pbk) |
||
| 500 | _asame ISBN No. When words bloom : read and respond to literature | ||
| 942 |
_2ddc _cEN _mJAY _h488.24 |
||